000
002610000a22000970004500
100
1
_a
Poulter, A.J.
245
1
0
_a
The Samaria ostraca : Two onomastic notes
300
_a
Vol. 40, Num. 2 (Abril, 1990), Páginas 237-240
773
0
_t
Vetus Testamentum
942
_c
ANA
999
_c
57626
_d
57626